• 首页
  • 本馆介绍
  • 公告通知
  • 最新文献
  • 馆藏检索
  • 电子资源
  • 读者导购
  • 参考咨询
  • 我的图书馆
  • 登录
  • 详细信息显示
  • 放入我的书架
  • 预约/预借图书
  • 作者相关作品
  • 分类相关作品
  • 丛书相关作品
  • 出版社相关作品

书目信息

  • 表格格式
  • 工作单格式
  • 卡片格式
题名:
环境保护生物学
    
 
作者: 张志杰 编著
分册:  
出版信息: 北京   冶金工业出版社  1982
页数: 285页
开本: 20cm
丛书名:
单 册:
中图分类: X17
科图分类:
主题词: 环境生物学
电子资源:
ISBN:
000 00562nam0 2200205 45
001 0312221749
005 20060518104326.57
010    @dCNY1.15
091    @a15062.3890
100    @a20031222d1982 km y0chiy0120 ea
101    @achi
105    @aa z 000yy
200 1  @a环境保护生物学@AHuan Jing Bao Hu Sheng Wu Xue@f张志杰编著@Fzhang zhi jie bian zhu
210    @a北京@c冶金工业出版社@d1982
215    @a285页@c图表@d20cm
606 0  @a环境生物学
690    @aX17@v3
701 0  @a张志杰@Azhang zhi jie@4编著
801    @aCN@bTSTCL@c20060518
905    @dX17@e14
    
    环境保护生物学/张志杰编著.-北京:冶金工业出版社,1982
    285页:图表;20cm
    
    
    ISBN :CNY1.15
    
●
相关链接 在E读中查询图书 在五车中查询图书 在当当中查询图书 在豆瓣中查询图书


正题名:环境保护生物学     索取号:X17/14         预约/预借

序号 登录号 条形码 馆藏地/架位号 状态 备注
1 0147299   202360319   密集书库/ [索取号:X17/14] 在馆    
2 0147300   001485841   第二样本阅览室/ [索取号:X17/14] 在馆    
3 0147301   202320737   密集书库/ [索取号:X17/14] 在馆    
4 0147302   001869749   密集书库/ [索取号:X17/14] 在馆    
5 0147303   202155586   密集书库/ [索取号:X17/14] 在馆    
6 0147304   001485654   第三借阅区/ [索取号:X17/14] 在馆    
7 0147305   202254274   密集书库/ [索取号:X17/14] 在馆    
唐山师范学院图书馆 欢迎您!
大连网信软件有限公司© 版权所有